000 00920nam a2200217 a 4500
008 120416s1981 ||||||||||||||||| || u
020 _a0538191007
050 _aHF 5415.13 Cun
100 _aCunningham, William Hughes
245 1 0 _aMarketing: a managerial approach
260 _aCincinnati, Ohio:
_bSouth-western Pub. Co
_c1981
300 _ax, 662p. : ill.
350 _a0.00
500 _aIncludes bibliographical references and indexes.
650 0 _aMARKETING--MANAGEMENT--CASE STUDIES
650 0 _aMARKETING
650 _aMARKETING--MANAGEMENT
700 _aCunningham, Isabella C. M
995 _aBINDERY (DAMAGED)
_D0.00
_e709496
_FCBU-MAIN LIBRARY (Kitwe)
_H2
_I35.10
_jHF 5415.13 Cun
_M1
_UDAMAGED
_y005153
_ZMain Library Open Access Collection
995 _aMAIN LIBRARY OPEN ACCESS
_D0.00
_e709495
_FCBU-MAIN LIBRARY (Kitwe)
_H1
_I35.10
_jHF 5415.13 Cun
_M2
_UAVAILABLE
_y005154
_ZMain Library Open Access Collection
999 _c82622
_d82622